College Quizbowl Stats
College Quizbowl Stats
Circuits
Seasons
Sets
Records
Detailed Stats
About
Loading...
2023 NASAT
Tossups
Bonuses
Players
Teams
Categories (Tossup)
Categories (Bonus)
D. Bendu Massaquoi
N/A
Categories
Category
Powers
Gets
Negs
BBs
Points
Earliest Buzz
Avg. Buzz
First Buzzes
Top 3 Buzzes
Religion - Buddhism
0
1
0
0
10
135
135.00
0
0
History - European
0
0
0
0
0
0.00
0
0
Science - Biology
0
0
0
0
0
0.00
0
0
Art - Painting/Sculpture
0
0
1
0
-5
0.00
0
0
Science - Physics
0
0
1
0
-5
0.00
0
0
Buzzes
Category
Answer
Value
Buzz Position
Science - Physics
electrical resistance
-5
76
History - European
Tony Blair
0
132
Science - Biology
C4 photosynthesis
0
133
Religion - Buddhism
Lotus Sutra
10
135
Art - Painting/Sculpture
swimming pool
-5
135
Previous
1
Next